Jean-Numa DUCANGE, La Révolution française et l’histoire du monde. Deux siècles de débats historiques et politiques 1815-1991 , Paris, Armand Colin, 2014, 302 pages (notice n° 2210746)
[ vue normale ]
| 000 -LEADER | |
|---|---|
| fixed length control field | 01410cam a2200157 4500500 |
| 005 - DATE AND TIME OF LATEST TRANSACTION | |
| control field | 20260412000645.0 |
| 041 ## - LANGUAGE CODE | |
| Language code of text/sound track or separate title | fre |
| 042 ## - AUTHENTICATION CODE | |
| Authentication code | dc |
| 100 10 - MAIN ENTRY--PERSONAL NAME | |
| Personal name | Eychart, Baptiste |
| Relator term | author |
| 245 00 - TITLE STATEMENT | |
| Title | Jean-Numa DUCANGE, La Révolution française et l’histoire du monde. Deux siècles de débats historiques et politiques 1815-1991 , Paris, Armand Colin, 2014, 302 pages |
| 260 ## - PUBLICATION, DISTRIBUTION, ETC. | |
| Date of publication, distribution, etc. | 2015.<br/> |
| 500 ## - GENERAL NOTE | |
| General note | 98 |
| 520 ## - SUMMARY, ETC. | |
| Summary, etc. | Why social philosophy? A debate A number of authors now invoke the opposition between political philosophy and social philosophy, whether to account for the specific nature of Marx’s relation to philosophy or to reactualize the project of a critical theory of society. What, the article asks, is the meaning of this distinction ? Can it fulfill the requisite conditions that will enable philosophers to address in a pertinent manner the social and political challenges of our time ? These are the questions addressed here by Catherine Colliot-Thélène, whose fear is that the distinction in question may lose sight of the crucial question of power, and by Franck Fischbach, who emphasizes the materialist orientation of an approach that seeks to address the political from the perspective of the social. |
| 786 0# - DATA SOURCE ENTRY | |
| Note | Actuel Marx | 58 | 2 | 2015-09-09 | p. 190g-203g | 0994-4524 |
| 856 41 - ELECTRONIC LOCATION AND ACCESS | |
| Uniform Resource Identifier | <a href="https://shs.cairn.info/revue-actuel-marx-2015-2-page-190g?lang=fr&redirect-ssocas=7080">https://shs.cairn.info/revue-actuel-marx-2015-2-page-190g?lang=fr&redirect-ssocas=7080</a> |
Pas d'exemplaire disponible.




Réseaux sociaux